000 00567nam a2200193Ia 4500
005 20250508163302.0
008 008 250505s9999 xx 000 0 eng d
037 _aTheses
040 _aFEDL
_beng
_cFEDL
041 _aeng
_2eng
084 _a370, SOL/TH
_qFEDL
100 _aSolomon Ashok Kumar
_9775043
245 0 _aStudy of the problems of foreign based Indian students of public schools
260 _c1984
300 _a392p.
546 _aPH.D Thesis (Himachal Pradesh University)
942 _cTH
_h370, SOL/TH
999 _c1382043
_d1382043